LEADER 01548nam a2200277 u 4500 001 000000039566 003 CaOOAMICUS 005 20070226114014.0 008 980515s1988 it u000 u ita u 020 $a8814017204 035 $a10794832 040 $aPUL(R)$bita 111 2 $aConvegno internazioanle Il diritto di sciopero, pubblico servizio, pubblica amministrazione$d(1988 :$cRoma).$0(OLS)http://pul/name/29414 245 13$aIl diritto di sciopero, pubblico servizio, pubblica amministrazione :$batti del convegno internazionale organizzazto dal CIRMES in collaborazione con la facoltà di scienze politiche della LUISS. 260 $aMilano :$bGiuffrè,$c1988. 300 $ax, 219 p. ;$c25 cm 490 1 $aLuiss. Libera università internazionale degli studi sociali, Roma. Collana di studi giuridici ;$v8 650 4$aSciopero.$0(OLS)http://pul/subject/18209 830 0$aCollana di studi giuridici (LUISS) ;$v8.$0(OLS)http://pul/title/52794 850 $aPUL 852 $aPUL$W1$xSL Diritto e Scienze Sociali 1$y4$m176 D 70$j53833$nBK-PRI$b $qStampati$B53833$CPULBib$Z2$F53833 $H $81 941 1 $a8 961 $aINV: 61734 996 $6020$a8814017204$9(OLS)http://pul/number/49244 996 $6245$aIl diritto di sciopero, pubblico servizio, pubblica amministrazione :$batti del convegno internazionale organizzazto dal CIRMES in collaborazione con la facoltà di scienze politiche della LUISS$9(OLS)http://pul/title/53552 996 $6260$aMilano :$bGiuffrè$9(OLS)http://pul/publisher/48401 LEADER 01377nam a2200301 u 4500 001 000000080838 003 CaOOAMICUS 005 20070928113754.0 008 050301s2005 it u000 u ita u 020 $a8831193767 035 $a11031315 040 $aIRN$bita 041 1 $aita$heng 245 00$aGiacomo, 1-2 Pietro, 1-3 Giovanni, Giuda /$ca cura di Gerald Bray ; traduzione e cura dell'edizione italiana di Armando Genovese ; introduzione generale di Angelo di Berardino. 260 $aRoma :$bCittà Nuova,$c2005. 300 $a322 p. ;$c26 cm 490 1 $aLa Bibbia commentata dai Padri.$aNuovo Testamento 630 04$aBiblia.$pN.T.$0(OLS)http://pul/subject/1630 700 1 $aBray, Gerald.$0(OLS)http://pul/name/53935 700 1 $aDi Berardino, Angelo,$cO.S.A.,$d1936-$0(OLS)http://pul/name/5303 700 1 $aGenovese, Armando.$0(OLS)http://pul/name/41696 830 3$aLa Bibbia commentata dai Padri.$pNuovo Testamento.$0(OLS)http://pul/title/101707 850 $aPUL 852 $aPUL$W1$xSL Religione 3$y85$m220.705/COLL/2.11$j117921$nBK-PRI$qDDC 21$B103207$CPULBib$Z2$F103207 $HPUL98110 $82 941 1 $a9 996 $6020$a8831193767$9(OLS)http://pul/number/107068 996 $6245$aGiacomo, 1-2 Pietro, 1-3 Giovanni, Giuda$9(OLS)http://pul/title/105831 996 $6260$aRoma :$bCittà Nuova$9(OLS)http://pul/publisher/47927